The imperial metaphor : popular religion in China
Αποθηκεύτηκε σε:
| Κύριος συγγραφέας: | |
|---|---|
| Μορφή: | Βιβλίο |
| Γλώσσα: | English |
| Δημοσίευση: |
London :
Routledge,
1992
|
| Θέματα: | |
| Ετικέτες: |
Προσθήκη ετικέτας
Δεν υπάρχουν, Καταχωρήστε ετικέτα πρώτοι!
|
MARC
| LEADER | 00000nam a2200000 i 4500 | ||
|---|---|---|---|
| 001 | 1/63247 | ||
| 008 | 930923s eng d | ||
| 020 | |a 0-415-02146-4 | ||
| 035 | |a ΛΕΣΒΟΣb10001178 |l 10001178 | ||
| 040 | |a GR-MY-UA |b gre |e aacr | ||
| 041 | 0 | |a eng | |
| 082 | 0 | |a 299.51 | |
| 100 | 1 | |a Feuchtwang, Stephan. | |
| 245 | 1 | 4 | |a The imperial metaphor : |b popular religion in China / |c Sterhan Feuchtwang |
| 260 | |a London : |b Routledge, |c 1992 | ||
| 300 | |a 206 p. |b ill. | ||
| 500 | |a Includes index | ||
| 651 | 0 | |a China |x Religious life and customs. | |
| 651 | 0 | |a Taiwan |x Religious life and customs. | |
| 651 | 0 | |a China |x Religion. | |
| 651 | 0 | |a Taiwan |x Religion. | |
| 852 | |a INST |b LESVOS |e 19930923 |h 299.51 FEU |p 005100003838 |q 005100003838 |t BK |y 0 | ||
| 909 | |a Λ |b 028727 | ||